Statistics for Provinces of China given the Capital Cities

Click here to take the quiz!

General Stats

  • This quiz has been taken 13 times
  • The average score is 7 of 15

Answer Stats

HintAnswer% Correct
LhasaTibet
89%
TaipeiTaiwan
78%
shijiazhuangHebei
67%
HarbinHeilongjiang
56%
wuhanhubei
56%
fuzhoufujian
44%
guangzhouguangdong
44%
guiyangguizhou
44%
jinanShandong
44%
LanzhouGansu
33%
nanjingJiangsu
33%
kunmingyunnan
33%
nanchangJiangxi
22%
yinchunNingxia
22%
hangzhouzhejiang
22%

Score Distribution

Percentile by Number Answered

Percent of People with Each Score

Your Score History

You have not taken this quiz